Владимир Иванович Вернадский: ученый и мыслитель

Bibliografiset tiedot
Päätekijä: Саенко Г. Н. Галина Николаевна
Yhteisötekijä: Институт океанологии
Yhteenveto:Гл.: A word to the foreign reader - на англ. яз.
Создатель новой науки - биогеохимии, учений о биосфере и ноосфере, крупнейший историк науки, глубокий философ и мыслитель, В.И. Вернадский рассматривал Человека, Землю, Космос в их неразрывном единстве. В книге показана эволюция научных интересов ученого от исследования минералов до исследования Вселенной. В ней впервые рассмотрено созвучие миропонимания В.И. Вернадского и древних Вед, истинность знаний которых подтверждена современными научными исследованиями. Космичность человека, сила его мысли, Ноосфера - сфера Разума, свободная человеческая личность, благоговение перед Жизнью - вот те бесценные жемчужины миропонимания В.И. Вернадского, значение которых выступает все ярче с течением времени. Для всех людей Земли, которые не могут быть равнодушными к извечному вопросу человечества о цели жизни, о счастье, о судьбе цивилизации, судьбе Земли и месте человека и Земли во Вселенной.
Kieli:venäjä
englanti
Julkaistu: Москва, Наука, 2002
Aiheet:
Aineistotyyppi: Kirja
KOHA link:https://koha.lib.tpu.ru/cgi-bin/koha/opac-detail.pl?biblionumber=42523

MARC

LEADER 00000nam0a2200000 4500
001 42523
005 20231031015516.0
010 |a 5020043591 
035 |a (RuTPU)RU\TPU\book\43818 
090 |a 42523 
100 |a 20020906d2002 m y0rusy50 ca 
101 0 |a rus  |a eng 
102 |a RU 
105 |a a z 001zb 
200 1 |a Владимир Иванович Вернадский: ученый и мыслитель  |f Г. Н. Саенко  |g Институт океанологии 
210 |a Москва  |c Наука  |d 2002 
215 |a 235 с.  |c ил. 
300 |a Гл.: A word to the foreign reader - на англ. яз. 
320 |a Библиогр.: с. 208-233. 
330 |a Создатель новой науки - биогеохимии, учений о биосфере и ноосфере, крупнейший историк науки, глубокий философ и мыслитель, В.И. Вернадский рассматривал Человека, Землю, Космос в их неразрывном единстве. В книге показана эволюция научных интересов ученого от исследования минералов до исследования Вселенной. В ней впервые рассмотрено созвучие миропонимания В.И. Вернадского и древних Вед, истинность знаний которых подтверждена современными научными исследованиями. Космичность человека, сила его мысли, Ноосфера - сфера Разума, свободная человеческая личность, благоговение перед Жизнью - вот те бесценные жемчужины миропонимания В.И. Вернадского, значение которых выступает все ярче с течением времени. Для всех людей Земли, которые не могут быть равнодушными к извечному вопросу человечества о цели жизни, о счастье, о судьбе цивилизации, судьбе Земли и месте человека и Земли во Вселенной. 
600 1 |a Вернадский  |g Владимир Иванович  |b В. И.  |c российский учёный  |c естествоиспытатель, мыслитель и общественный деятель  |f 1863-1945  |2 stltpush  |3 (RuTPU)RU\TPU\pers\417 
610 1 |a наука 
610 1 |a биогеохимия 
610 1 |a биосфера 
610 1 |a ноосфера 
610 1 |a история 
610 1 |a философия 
610 1 |a научные исследования 
610 1 |a геохимия 
610 1 |a религия 
610 1 |a морские организмы 
610 1 |a галогены 
675 |a 5:1(092)  |v 3 
675 |a 574(092)  |v 3 
700 1 |a Саенко  |b Г. Н.  |g Галина Николаевна 
712 0 2 |a Институт океанологии  |2 stltpush  |3 (RuTPU)RU\TPU\col\297 
801 1 |a RU  |b 63413507  |c 20020906  |g PSBO 
801 2 |a RU  |b 63413507  |c 20170404  |g PSBO 
942 |c BK